Evaporation Rate of Distilled Water Drop on the Surface of Non-Ferrous Metals; MATEC Web of Conferences; Vol. 37 : Smart Grids 2015

Bibliografiske detaljer
Parent link:MATEC Web of Conferences
Vol. 37 : Smart Grids 2015.— 2015.— [01042, 4 p.]
Hovedforfatter: Ponomarev K. O. Konstantin Olegovich
Institution som forfatter: Национальный исследовательский Томский политехнический университет (ТПУ) Энергетический институт (ЭНИН) Кафедра теоретической и промышленной теплотехники (ТПТ)
Andre forfattere: Orlova E. G. Evgeniya Georgievna, Zaitsev D. V. Dmitry Valerievich
Summary:Title screen
We studied experimentally the evaporation process of distilled water drops on the surfaces of non-ferrous metals. Investigations were conducted on the experimental setup using a shadow optical system. The main elements of this system are the source of plane-parallel light and photographic camera. According to the contact diameter change during the evaporation, three stages have been determined (spreading, pinning, depinning). It has been found, that the dependence of evaporation rate on drop volume at low temperatures appear to be well fit by a power function.
Sprog:engelsk
Udgivet: 2015
Fag:
Online adgang:http://dx.doi.org/10.1051/matecconf/20153701042
http://earchive.tpu.ru/handle/11683/32650
Format: Electronisk Book Chapter
KOHA link:https://koha.lib.tpu.ru/cgi-bin/koha/opac-detail.pl?biblionumber=645660

MARC

LEADER 00000nla2a2200000 4500
001 645660
005 20231220130814.0
035 |a (RuTPU)RU\TPU\network\10751 
035 |a RU\TPU\network\10749 
090 |a 645660 
100 |a 20160118a2015 k y0engy50 ba 
101 0 |a eng 
105 |a y z 100zy 
135 |a drgn ---uucaa 
181 0 |a i  
182 0 |a b 
200 1 |a Evaporation Rate of Distilled Water Drop on the Surface of Non-Ferrous Metals  |f K. O. Ponomarev, E. G. Orlova, D. V. Zaitsev 
203 |a Text  |c electronic 
300 |a Title screen 
320 |a [References: 16 tit.] 
330 |a We studied experimentally the evaporation process of distilled water drops on the surfaces of non-ferrous metals. Investigations were conducted on the experimental setup using a shadow optical system. The main elements of this system are the source of plane-parallel light and photographic camera. According to the contact diameter change during the evaporation, three stages have been determined (spreading, pinning, depinning). It has been found, that the dependence of evaporation rate on drop volume at low temperatures appear to be well fit by a power function. 
461 0 |0 (RuTPU)RU\TPU\network\4526  |t MATEC Web of Conferences 
463 0 |0 (RuTPU)RU\TPU\network\10636  |t Vol. 37 : Smart Grids 2015  |o September 28 - October 2, 2015, Tomsk, Russia  |o [proceedings]  |f National Research Tomsk Polytechnic University (TPU) ; eds. P. A. Strizhak [et al.]  |v [01042, 4 p.]  |d 2015 
610 1 |a электронный ресурс 
610 1 |a труды учёных ТПУ 
610 1 |a испарения 
610 1 |a дистиллированная вода 
610 1 |a капли 
610 1 |a поверхности 
610 1 |a цветные металлы 
700 1 |a Ponomarev  |b K. O.  |c specialist in the field of thermal engineering  |c laboratory assistant of Tomsk Polytechnic University  |f 1993-  |g Konstantin Olegovich  |3 (RuTPU)RU\TPU\pers\35642 
701 1 |a Orlova  |b E. G.  |c specialist in the field of thermal engineering  |c Associate Professor of Tomsk Polytechnic University, Candidate of Physical and Mathematical Sciences  |f 1991-  |g Evgeniya Georgievna  |3 (RuTPU)RU\TPU\pers\34157  |9 17697 
701 1 |a Zaitsev  |b D. V.  |c physicist  |c researcher of Tomsk Polytechnic University, candidate of physical and mathematical sciences  |f 1974-  |g Dmitry Valerievich  |3 (RuTPU)RU\TPU\pers\36024 
712 0 2 |a Национальный исследовательский Томский политехнический университет (ТПУ)  |b Энергетический институт (ЭНИН)  |b Кафедра теоретической и промышленной теплотехники (ТПТ)  |3 (RuTPU)RU\TPU\col\18679 
801 2 |a RU  |b 63413507  |c 20161122  |g RCR 
856 4 |u http://dx.doi.org/10.1051/matecconf/20153701042 
856 4 |u http://earchive.tpu.ru/handle/11683/32650 
942 |c CF